La memoria amorosa / (Record no. 181337)

MARC details
000 -LEADER
campo de control de longitud fija 00839nam a2200241 i 4500
001 - NÚMERO DE CONTROL
campo de control 181337
003 - IDENTIFICADOR DE NÚMERO DE CONTROL
campo de control ES-MaACL
005 - FECHA Y HORA DE LA ÚLTIMA TRANSACCIÓN
campo de control 20250911062855.0
008 - DATOS DE LONGITUD FIJA--INFORMACIÓN GENERAL
campo de control de longitud fija 121210s2011 sp | |||||||| |dspa d
020 ## - NÚMERO INTERNACIONAL ESTÁNDAR DEL LIBRO
Número Internacional Estándar del Libro 978-84-9895-789-1
080 ## - NÚMERO DE LA CLASIFICACIÓN DECIMAL UNIVERSAL
Número de la Clasificación Decimal Universal 821.134.2-94"19"
080 ## - NÚMERO DE LA CLASIFICACIÓN DECIMAL UNIVERSAL
Número de la Clasificación Decimal Universal 929 Ory, Carlos Edmundo de
100 0# - ENTRADA PRINCIPAL--NOMBRE DE PERSONA
Nombre de persona Ory, Carlos Edmundo de,
Fechas asociadas al nombre 1923-2010
9 (RLIN) 87706
245 13 - MENCIÓN DEL TÍTULO
Título La memoria amorosa /
Mención de responsabilidad, etc. Carlos Edmundo de Ory ; prólogo de Jesús Fernández Palacios.
260 ## - PUBLICACIÓN, DISTRIBUCIÓN, ETC.
Lugar de publicación, distribución, etc. Madrid :
Nombre del editor, distribuidor, etc. Visor Libros,
Fecha de publicación, distribución, etc. D.L. 2011.
300 ## - DESCRIPCIÓN FÍSICA
Extensión 119 p. ;
Dimensiones 20 cm.
490 1# - MENCIÓN DE SERIE
Mención de serie Colección Visor de poesía ;
Designación de volumen o secuencia v. 789
700 1# - ENTRADA AGREGADA--NOMBRE PERSONAL
Nombre de persona Fernández Palacios, Jesús.
9 (RLIN) 49980
830 0# - PUNTO DE ACCESO ADICIONAL DE SERIE-TÍTULO UNIFORME
Título uniforme Colección Visor de poesía
Designación de volumen o secuencia v. 789
9 (RLIN) 177331
852 ## - LOCALIZACIÓN
Ubicación ES-MaACL
Número de control de estantería A-12383
itemnumber 188221
Sublocalización o colección R.148347
Ubicación en estantería Depósito 1
Signatura antigua Olim: N-5388
942 ## - ELEMENTOS DE ENTRADA SECUNDARIOS (KOHA)
Fuente del sistema de clasificación o colocación Clasificación decimal universal
Tipo de ítem Koha Libro impreso
Holdings
Estatus retirado Estado de pérdida Fuente del sistema de clasificación o colocación Estado de daño No para préstamo Biblioteca de origen Biblioteca actual Ubicación en estantería Fecha de adquisición Fuente de adquisición Total de préstamos Signatura topográfica completa Código de barras Visto por última vez Precio de reemplazo Tipo de ítem Koha
    Clasificación decimal universal     Biblioteca del Ateneo de Madrid Biblioteca del Ateneo de Madrid Depósito 1 10/12/2012 Compra   A-12383 1190560 23/02/2023 23/02/2023 Libro impreso